Tendence řízení pro devadesáta léta.

Rešpektovanie moderných tendencií v riadiacej práci: v oblasti spoločenskovednej, prírodno-technickej a prierezovej povahy. Prehlbovanie demokratizácie v riadení, automatizácia, kybernetizácia, robotizácia, ale aj ekologizácia v riadení. Profil vedúceho pracovníka sa orientuje na urýchlenie inovačný...

Descripción completa

Guardado en:
Detalles Bibliográficos
Autor principal: Svatuška, L.
Formato: Capítulo de libro
Lenguaje:checo
Materias:
Etiquetas: Agregar Etiqueta
Sin Etiquetas, Sea el primero en etiquetar este registro!

MARC

LEADER 00000naa a2200000 4500
001 r006386
005 20221125080541.5
041 0 |a cze 
044 |a [CS] 
245 1 0 |a Tendence řízení pro devadesáta léta.  |c L. Svatuška 
520 |a Rešpektovanie moderných tendencií v riadiacej práci: v oblasti spoločenskovednej, prírodno-technickej a prierezovej povahy. Prehlbovanie demokratizácie v riadení, automatizácia, kybernetizácia, robotizácia, ale aj ekologizácia v riadení. Profil vedúceho pracovníka sa orientuje na urýchlenie inovačných procesov. 
610 2 0 |a práca riadiaca 
610 2 0 |a demokratizácia 
610 2 0 |a automatizácia 
610 2 0 |a riadenie 
610 2 0 |a kybernetizácia 
610 2 0 |a ekológia 
610 2 0 |a robotizácia 
610 2 0 |a pracovníci vedúci 
610 2 0 |a inovácia 
100 1 |a Svatuška, L.